Loading...
| Science - Other | 0 | 4 | 0 | 1 | 40 | 28 | 86.00 | 0 | 2 | 11.37 | 23.89 |
| Fine Arts - Classical Music | 0 | 4 | 1 | 2 | 35 | 55 | 93.75 | 0 | 1 | 7.87 | 15.56 |
| Geography | 0 | 2 | 0 | 0 | 20 | 60 | 85.00 | 0 | 1 | 8.26 | 12.96 |
| Literature - British | 0 | 2 | 0 | 0 | 20 | 52 | 68.00 | 1 | 1 | 8.65 | 15.00 |
| Religion | 0 | 2 | 1 | 0 | 15 | 61 | 64.50 | 0 | 1 | 9.95 | 10.00 |
| History - European | 0 | 2 | 1 | 0 | 15 | 29 | 43.50 | 0 | 0 | 11.91 | 10.00 |
| Current Events | 0 | 1 | 0 | 0 | 10 | 71 | 71.00 | 0 | 1 | 11.42 | 25.93 |
| History - American | 0 | 2 | 2 | 1 | 10 | 95 | 95.00 | 0 | 0 | 3.52 | 6.67 |
| History - Other | 0 | 1 | 0 | 0 | 10 | 104 | 104.00 | 0 | 0 | 1.03 | 4.44 |
| Literature - American | 0 | 1 | 0 | 0 | 10 | 26 | 26.00 | 1 | 1 | 7.80 | 6.67 |
| Popular Culture | 0 | 1 | 0 | 0 | 10 | 86 | 86.00 | 0 | 0 | 4.82 | 9.26 |
| Science - Biology | 0 | 1 | 0 | 0 | 10 | 67 | 67.00 | 0 | 0 | 4.07 | 3.33 |
| History - World | 0 | 1 | 1 | 0 | 5 | 70 | 70.00 | 0 | 1 | 3.58 | 6.67 |
| Fine Arts - Other | 0 | 1 | 2 | 0 | 0 | 37 | 37.00 | 1 | 1 | 7.06 | 10.00 |